A day with air traffic controllers / (Record no. 7288)

MARC details
000 -LEADER
fixed length control field 00875nam a22002777a 4500
001 - CONTROL NUMBER
control field 7288
003 - CONTROL NUMBER IDENTIFIER
control field FISKH
005 - DATE AND TIME OF LATEST TRANSACTION
control field 20250708151349.0
008 - FIXED-LENGTH DATA ELEMENTS--GENERAL INFORMATION
fixed length control field 250708b cb ||||| |||| 00| 0 eng d
020 ## - INTERNATIONAL STANDARD BOOK NUMBER
International Standard Book Number 9780516230641
040 ## - CATALOGING SOURCE
Original cataloging agency FISKH
Language of cataloging eng
Transcribing agency FISKH
Modifying agency FISKH
050 ## - LIBRARY OF CONGRESS CALL NUMBER
Classification number TL725.T7 W55
082 ## - DEWEY DECIMAL CLASSIFICATION NUMBER
Classification number 629.136
100 ## - MAIN ENTRY--PERSONAL NAME
Personal name Winne, Joanne
245 ## - TITLE STATEMENT
Title A day with air traffic controllers /
Statement of responsibility, etc. by Joanne Winne
260 ## - PUBLICATION, DISTRIBUTION, ETC.
Place of publication, distribution, etc. New York :
Name of publisher, distributor, etc. Children's Press,
Date of publication, distribution, etc. 2001
300 ## - PHYSICAL DESCRIPTION
Extent 24 pages :
Other physical details color illustrations ;
Dimensions 16 cm
490 ## - SERIES STATEMENT
Series statement Welcome Books:
Volume/sequential designation Hard Work
505 ## - FORMATTED CONTENTS NOTE
Formatted contents note H<br/><br/>
520 ## - SUMMARY, ETC.
Summary, etc. Photographs and text provide information about air traffic controllers and how they do their job. Includes a word list.
521 8# - TARGET AUDIENCE NOTE
Target audience note 430<br/>
Source Lexile estimate<br/>
521 8# - TARGET AUDIENCE NOTE
Target audience note H<br/>
Source Raz-Plus<br/>
650 ## - SUBJECT ADDED ENTRY--TOPICAL TERM
Topical term or geographic name entry element Natural science
Form subdivision Airplanes
942 ## - ADDED ENTRY ELEMENTS (KOHA)
Source of classification or shelving scheme Dewey Decimal Classification
Koha item type Books
Suppress in OPAC No
Holdings
Withdrawn status Lost status Source of classification or shelving scheme Damaged status Not for loan Collection Home library Current library Shelving location Date acquired Total Checkouts Full call number Barcode Date last seen Date last checked out Copy number Price effective from Koha item type
    Dewey Decimal Classification     Non-Fiction Footprints International School Library Network Toul Kork Campus Footprints International School Library Network Toul Kork Campus TK Primary Library Room(4th Floor), Bookcase 1&2, Shelves 1-16, Dark Blue Books 07/08/2025 1 WIN 629.136 TL725.T7 W55 FISBK02171 11/13/2025 10/23/2025 1 07/08/2025 Books